000 00818cam a2200301 i 4500
001 768714001
003 CO-MdFUSB
005 20250527160634.0
007 ta
008 250527t1982 -us||||| |||| 00| 0 eng d
020 _a0-8499-0299-1
040 _cCO-MdFUSB
041 0 _aeng
082 0 4 _223
_a248.4
_bS3864s
100 1 _aSchuller, Robert H. (Harold)
_eautor
245 1 0 _aSelf esteem :
_bthe new reformation
_c/ Robert H. Schuller
264 1 _aWaco, TX., USA :
_bWord Books, Publisher
_c[1982]
264 4 _c©1982
300 _a177 páginas
336 _atexto
_btxt
_2rdacontent
337 _2rdamedia
_asin mediación
_bn
338 _2rdacarrier
_avolumen
_bnc
563 _aRústico
653 _aPsicología pastoral
942 _cBK
945 _aMiguel Gómez
999 _c40959
_d40959